Metalurgická príprava intermetalických zliatin na báze TiAl

Gespeichert in:
Bibliographische Detailangaben
1. Verfasser: Toman, Dominik, 1988- (Verfasst von)
Weitere Verfasser: Lapin, Juraj, 1960- (Betreuung Doktorarbeit)
Format: Manuskript Buch
Sprache:Slowakisch
Veröffentlicht: Bratislava : STU v Bratislave SjF, 2012
Schlagworte:
Online-Zugang:VAIS
Tags: Tag hinzufügen
Keine Tags, Fügen Sie das erste Tag hinzu!

MARC

LEADER 00000ntm a22000003a 4500
001 stu263752
005 20150617230222.1
008 130312s2012----xo------------------slo-d
040 |a STU  |b slo 
041 0 |a slo 
044 |a xo 
100 1 |a Toman, Dominik,  |d 1988-  |4 aut  |u J  |T SjF Strojnícka fakulta  |X 50304  |U J  |Y 20  |7 A000050304 
242 0 0 |a Metallurgical preparation of intermetallic TiAl-based alloys  |y eng 
245 1 |a Metalurgická príprava intermetalických zliatin na báze TiAl 
260 |a Bratislava :  |b STU v Bratislave SjF,  |c 2012 
650 7 |a strojárske technológie a materiály  |2 stusub 
650 7 |a Production Processes and Materials  |2 estusub 
650 7 |a microstructure  |2 estusub 
650 7 |a mikroštruktúra  |2 stusub 
650 7 |a indukčné tavenie  |2 stusub 
650 7 |a intermetalické zliatiny  |2 stusub 
650 7 |a TiAl  |2 stusub 
700 1 |a Lapin, Juraj,  |d 1960-  |4 ths  |X 54789  |7 A000054789 
856 4 |a info a plný text  |u http://is.stuba.sk/zp/portal_zp.pl?podrobnosti=85272  |3 VAIS 
996 |b 284J042328  |c J*1324/DP  |l JJSK  |s A  |a 24  |w stu263752_0001